000 00314nam a2200145Ia 4500
008 210719s2000 xx 000 0 und d
041 _aeng
082 _a823.8 BROW
100 _aBRONTE (Emily)
245 _aWuthering heights.
260 _c2000
300 _bPB
365 _cRs
650 _aEnglish Fiction
999 _c213171
_d213171